Průvodce nitrem DOSu a BIOSu

Salvato in:
Dettagli Bibliografici
Autore principale: Skramuský, Robert
Natura: Libro
Lingua:ceco
Pubblicazione: Praha Grada 1993
Edizione:1. vyd.
Soggetti:
Tags: Aggiungi Tag
Nessun Tag, puoi essere il primo ad aggiungerne!!

MARC

LEADER 00000nam a2200000 4500
001 c005778
005 20221214082733.6
020 |a 80-85623-90-0 
041 0 |a cze 
044 |a CZ 
245 1 0 |a Průvodce nitrem DOSu a BIOSu  |c Robert Skramuský 
250 |a 1. vyd. 
264 1 |a Praha  |b Grada  |c 1993 
300 |a 267 s. 
610 2 0 |a systémy operačné 
610 2 0 |a programy antivírové 
610 2 0 |a procesory 
100 1 |a Skramuský, Robert